Language Quiz

Random Language Quiz

5 Most Widely Spoken Romance Languages Quiz Stats

 Plays Quiz not verified by Sporcle

Also try: Just B & T
Challenge
Share
Tweet
Embed
Score 0/5 Timer 01:30
0 Plays Today
Rank Language % Correct
1Spanish
98.2%
3French
91.1%
4Italian
91.1%
2Portuguese
84.4%
5Romanian
80.4%

You're not logged in!

Compare scores with friends on all Sporcle quizzes.
Join for Free
OR
Log In

You Might Also Like...

Show Comments

Extras

Top Quizzes Today


Score Distribution

Your Account Isn't Verified!

In order to create a playlist on Sporcle, you need to verify the email address you used during registration. Go to your Sporcle Settings to finish the process.

Report this User

Report this user for behavior that violates our Community Guidelines.

Details: